Les pays ayant le plus haut point culminant - Statistiques

Statistiques générales
  • Ce quiz a été pris 588 fois
  • Le résultat moyen est 23 sur 30
Statistiques - réponses
Hint Réponse Altitude % Correct
2 Chine 8848m
98%
30 France 4810m
98%
1 Népal 8848m
97%
4 Inde 8586m
93%
21 Russie 5642m
92%
11 Chili 6893m
91%
10 Argentine 6960m
89%
16 Canada 5959m
89%
12 Pérou 6768m
88%
3 Pakistan 8611m
87%
15 États-Unis 6194m
86%
13 Bolivie 6542m
84%
19 Colombie 5775m
82%
20 Mexique 5675m
82%
24 Kenya 5199m
81%
7 Afghanistan 7492m
78%
14 Équateur 6267m
77%
5 Bhoutan 7570m
76%
17 Tanzanie 5892m
74%
22 Iran 5604m
71%
6 Tadjikistan 7495m
70%
28 Venezuela 4981m
69%
25 Turquie 5137m
64%
9 Kazakhstan 7010m
63%
29 Indonésie 4884m
61%
23 Géorgie 5201m
58%
8 Kirghizistan 7439m
57%
18 Birmanie 5881m
54%
26 Ouganda 5110m
41%
27 République démocratique du Congo 5110m
9%
Aucun quiz correspondant
Distribution des résultats
% des personnes avec chaque résultat
Percentile par nombre de réponses
Votre historique - résultats
Vous n’avez pas pris ce quiz